Salvi con il corpo. (Record no. 360387)

MARC details
000 -LEADER
campo di controllo lung. fissa 00597nam a22002177a 4500
003 - Identificatore del numero di controllo
campo di controllo IT-MiCISF
005 - Data e orario dell'ultima transazione
campo di controllo 20250205132751.0
008 - Elementi di lunghezza fissa--Informazione generale
campo di controllo lung. fissa 250205b |||||||| |||| 00| 0 eng d
040 ## - Fonte della catalogazione
Agenzia che fa la trascrizione IT-MiICSF
041 ## - Codice di lingua
Codice di lingua del testo/traccia sonora o titolo separato it
100 ## - Accesso principale -- nome di persona
Nome di persona Maggi Lidia (et al.)
9 (RLIN) 61001
245 ## - Formulazione del titolo
Titolo Salvi con il corpo.
Complemento del titolo Corpo e umanizzazione
250 ## - Formulazione di edizione
Formulazione di edizione "Famiglia domani", n. 4, ottobre-dicembre
260 ## - Pubblicazione, distribuzione, ecc. (stampa)
Data di pubblicazione, distribuzione, ecc. 2024
300 ## - Descrizione fisica
Estensione pp. 5-11+18-24
500 ## - Nota generale
Nota generale corpo, bibbia, cultura, filosofia
650 ## - Accesso aggiunto di soggetto--termine topico
Termine topico o nome geografico come accesso Persona
654 ## - Accesso aggiunto di soggetto--termini topici faccettati
Termine principale dossier
700 ## - Accesso aggiunto--nome di persona
Nome di persona Ghia F., Castellucci E., Ghia G.
9 (RLIN) 61475
942 ## - Dati aggiuntivi (Koha)
Fonte della classificazione o dello schema di collocazione (segnatura) Dewey Decimal Classification
Tipo copia default (Koha) RIVISTA
Holdings
Ritirato (status) Perso (status) Fonte della classificazione o dello schema di collocazione (segnatura) Danneggiato (status) Non per il presito Biblioteca proprietaria Biblioteca in cui si trova Data d'acquisizione Totale prestiti Collocazione Data ultima operazione Prezzo in vigore dal Tipo copia default (Koha)
    Dewey Decimal Classification Buone Condizioni Not For Loan CISF - Milano CISF - Milano 05/02/2025   A08/R094 05/02/2025 05/02/2025 RIVISTA
CREDITS: SOCIETA' SAN PAOLO Via A.Severo, 58 - ROMA (RM) & PERIODICI SAN PAOLO SRL Via Giotto, 36 MILANO & CISF Via Giotto, 36 MILANO & EDIZIONI SAN PAOLO SRL,  Piazza Soncino, 5 CINISELLO BALSAMO (MI) -- ITALY